000 01100cam a2200205 a 4500
020 _a0784402914 (pbk.)
082 0 0 _a624.15
_bINN
_cL-39, P-188
245 0 0 _aInnovative design and construction for foundations and substructures subject to freezing and frost :
_bproceedings of a session sponsored by the Geo-Institute of the American Society of Civil Engineers in conjunction with the ASCE National Convention, Minneapolis, Minnesota, October 5-8, 1997 /
_cedited by Chia K. Tan.
260 _aReston, VA :
_bAmerican Society of Civil Engineers,
_cc1997.
300 _aix, 65 p. :
_bill., maps ;
_c22 cm.
526 _a0
_b0
_c0
_d624_150000000000000_INN
650 0 _aBasements
_xCold weather conditions
_xCongresses.
_946750
650 0 _aBasements
_zCold regions
_xDesign and construction
_xCongresses.
_946751
650 0 _aFoundations
_xCold weather conditions
_xCongresses.
_946752
650 0 _aFoundations
_zCold regions
_xDesign and construction
_xCongresses.
_946753
650 0 _aMCE
_9379
700 1 _aTan, Chia K.
_946754
710 2 _aAmerican Society of Civil Engineers.
_9702
942 _2ddc
_cBK
999 _c549993
_d549993